| 000 -LEADER |
| fixed length control field |
00623cam a2200193 a 4500 |
| 020 ## - INTERNATIONAL STANDARD BOOK NUMBER |
| ISBN |
1870098668 |
| 040 ## - CATALOGING SOURCE |
| Transcribing agency |
CBY |
| 082 ## - DEWEY DECIMAL CLASSIFICATION NUMBER |
| Classification number |
330 GRE 1997 C145 Or. |
| 100 1# - MAIN ENTRY--AUTHOR NAME |
| Personal name |
Schumacher, E. F. |
| 245 10 - TITLE STATEMENT |
| Title |
This I believe : |
| Remainder of title |
and other essays / |
| 250 ## - EDITION STATEMENT |
| Edition statement |
Repr. with corrections |
| 260 ## - PUBLICATION, DISTRIBUTION, ETC. (IMPRINT) |
| Place of publication |
Foxhole, Dartington, Totnes, Devon : |
| Name of publisher |
Green Books ; |
| Place of publication |
White River Junction, Vt. : |
| Name of publisher |
Distributed in the USA by Chelsea Green Publishing, |
| Year of publication |
1998, c1997. |
| 300 ## - PHYSICAL DESCRIPTION |
| Number of Pages |
223 p. ; |
| Dimensions |
24 cm. |
| 500 ## - GENERAL NOTE |
| General note |
Includes index. |
| 650 #0 - SUBJECT ADDED ENTRY--TOPICAL TERM |
| Topical Term |
Economics. |
| 650 #0 - SUBJECT ADDED ENTRY--TOPICAL TERM |
| Topical Term |
Environmental policy. |
| 650 #0 - SUBJECT ADDED ENTRY--TOPICAL TERM |
| Topical Term |
Sustainable development. |
| 942 ## - ADDED ENTRY ELEMENTS (KOHA) |
| Koha item type |
ADB |
| 952 ## - LOCATION AND ITEM INFORMATION (KOHA) |
| Withdrawn status [LOCAL, KOHA] |
0 |